Państwa w języku francuskim - Statystyki

Ogólne statystyki
  • Ten quiz został rozwiązany 27 razy
  • Średni wynik to 18 z 20
Statystyki odpowiedzi
Francuski Polski % Poprawnych
Brésil Brazylia
96%
Tchad Czad
96%
Grèce Grecja
96%
Espagne Hiszpania
96%
Koweït Kuwejt
96%
Côte d'Ivoire Wybrzeże Kości Słoniowej
96%
Barbade Barbados
92%
Monténégro Czarnogóra
92%
Guinée Gwinea
92%
Pérou Peru
92%
Suisse Szwajcaria
92%
Ouganda Uganda
92%
Allemagne Niemcy
88%
États-Unis Stany Zjednoczone
88%
Tchéquie Czechy
84%
Lettonie Łotwa
84%
Palaos Palau
84%
Saint-Marin San Marino
80%
Royaume-Uni Wielka Brytania
76%
Pays-Bas Holandia
48%
Nie znaleziono quizów pasujących do podanych kryteriów
Rozkład punktacji
Procent ludzi z każdym wynikiem
Percentyl według liczby udzielonych odpowiedzi
Twoja historia wyników
Nie rozwiązałeś tego quizu